| 000 | 00445nam a22001697a 4500 | ||
|---|---|---|---|
| 003 | SGT | ||
| 020 | _a9789393553294 | ||
| 082 |
_a610.73 _bM23O |
||
| 100 | _aOMAYAL, ACHI COLLEGE OF NURSING | ||
| 245 | _aMANUAL OF NURSING PROCEDURES AND PRACTICE | ||
| 250 | _a3RD | ||
| 260 |
_aINDIA _bWOLTERS KLUWER PUB _c2023 |
||
| 300 | _a640,1367 | ||
| 650 | _aNURSING PROCEDURES | ||
| 653 | _aNURSING PROCEDURES AND PRACTICE | ||
| 942 |
_2ddc _cBK _01 |
||
| 999 |
_c27355 _d27355 |
||